Diving into C : (Record no. 541664)

000 -LEADER
fixed length control field 00586cam a2200181 a 4500
020 ## - INTERNATIONAL STANDARD BOOK NUMBER
International Standard Book Number 0340652853
082 00 - DEWEY DECIMAL CLASSIFICATION NUMBER
Classification number 005.13/3
Author Mark MAR
-- MCE-L-39 ,P-180
100 1# - MAIN ENTRY--PERSONAL NAME
Personal name Marris, Terry.
9 (RLIN) 36655
245 10 - TITLE STATEMENT
Title Diving into C :
Remainder of title a first course /
Statement of responsibility, etc. Terry Marris.
260 ## - PUBLICATION, DISTRIBUTION, ETC.
Place of publication, distribution, etc. London :
Name of publisher, distributor, etc. Arnold,
Date of publication, distribution, etc. 1996.
300 ## - PHYSICAL DESCRIPTION
Extent vii, 261 p. ;
Dimensions 25 cm. +
Accompanying material 1 computer disk (3 1/2 in.)
500 ## - GENERAL NOTE
General note Computer disk in wallet inside back cover.
500 ## - GENERAL NOTE
General note Includes index.
526 ## - STUDY PROGRAM INFORMATION NOTE
Program name 0
Interest level 0
Reading level 0
Title point value 005_133000000000000_MAR
650 #0 - SUBJECT ADDED ENTRY--TOPICAL TERM
Topical term or geographic name entry element C (Computer program language)
9 (RLIN) 1226
650 #0 - SUBJECT ADDED ENTRY--TOPICAL TERM
Topical term or geographic name entry element MCE
9 (RLIN) 379
942 ## - ADDED ENTRY ELEMENTS (KOHA)
Source of classification or shelving scheme
Koha item type Book
Holdings
Withdrawn status Lost status Source of classification or shelving scheme Damaged status Not for loan Permanent Location Current Location Date acquired Total Checkouts Full call number Barcode Date last seen Price effective from Koha item type
          Military College of Engineering (MCE) Military College of Engineering (MCE) 08/22/2013   005.13/3 MAR MCE-42925 08/22/2013 08/22/2013 Book
© 2023 Central Library, National University of Sciences and Technology. All Rights Reserved.